| 000 | 00662nam a2200217 i 4500 | ||
|---|---|---|---|
| 001 | C2-0181529 | ||
| 003 | PPAK | ||
| 005 | 20180728095334.0 | ||
| 008 | 981027s1985 ko a|||| ||||| | eng d | ||
| 040 |
_aPPAK _beng _cPPAK _erda |
||
| 082 | 0 | 4 |
_a928.957 _2 23 |
| 090 | 0 | 0 |
_a928.957 _bNIN _dKIH |
| 245 | 0 | 0 | _a19 contemporary Korean Novelists |
| 264 | 1 |
_aSeoul, Korea : _bThe Korean Culture & Art Foundation , _c1985 |
|
| 300 |
_a166 pages : _billustrations ; _c23 cm |
||
| 336 |
_2rdacontent _atext |
||
| 337 |
_2rdamedia _aunmediated |
||
| 338 |
_2rdacarrier _avolume |
||
| 700 | 1 |
_aChung, Han-sook ; Kim, Yoon-shik ; Kim Young-moo, _eeditor |
|
| 942 |
_ddc _cB |
||
| 999 |
_c155978 _d155978 |
||